[Event "Copenhagen-ch"]
[Site "Copenhagen"]
[Date "2005.10.09"]
[Round "9"]
[White "Larsen, Peter Lautrup"]
[Black "Brondum, Eric"]
[Result "1/2-1/2"]
[WhiteElo "2006"]
[BlackElo "2137"]
[PlyCount "35"]
[EventDate "2005.10.02"]
[EventType "swiss"]
[EventRounds "9"]
[EventCountry "DEN"]
[SourceTitle "EXT 2023"]
[Source "ChessBase"]
[SourceDate "2022.10.05"]
[SourceVersion "1"]
[SourceVersionDate "2022.10.05"]
[SourceQuality "1"]

1. c4 g6 2. Nc3 Bg7 3. g3 Nf6 4. Bg2 0-0 5. Nf3 d6 6. 0-0 Nc6 7. d3 e5 8. Rb1 a5 9. a3 Re8 10. Ne1 Bf5 11. Nc2 Qd7 12. b4 axb4 13. axb4 Bh3 14. b5 Bxg2 15. Kxg2 Nd4 16. Bg5 c6 17. bxc6 bxc6 18. Bxf6 1/2-1/2